| 000 | 00553nam a2200157Ia 4500 | ||
|---|---|---|---|
| 008 | 090711s9999 xx 000 0 und d | ||
| 082 | _b18517 | ||
| 100 | _aSांेदवणकर सदानंद | ||
| 245 | _aभारतीय शास्त्रज्ञ | ||
| 300 | _a43 | ||
| 600 | _aSांेदवणकर सदानंद | ||
| 630 | _aभारतीय शास्त्रज्ञ | ||
| 700 | _aSांेदवणकर सदानंद | ||
| 730 | _aभारतीय शास्त्रज्ञ | ||
| 942 | _cBOOK | ||
| 999 |
_c322083 _d322083 |
||